00728nam a2200241 a 4500001001300000003000900013005001700022008004100039020001000080082002000090100002100110245005800131260004100189300000900230500003500239650002200274650001600296700002100312902000800333942000700341952012100348999001700469nice12345678IN_TiNIC20260116013526.0070405s1997 dela grp 000 0 eng  ac32500a305.40954bRAY2 aRayaprol, Aparna aNegotiating Identitiesb Women in the Indian Diaspora aDelhibOxford University Pressc1997 a165p aincludes index and biblioraphy aWomen in Hinduism aWomen-India1 aRayaprol, Aparna bSRS cBK 001040708StackRoom-aHMIbHMId2007-04-05g325.00l0o305.40954 RAY2p017497r2007-04-05v325.00w2007-04-05yBK c11324d11324